| 000 | 01036cab a2200265 4500 | ||
|---|---|---|---|
| 001 | ABS59326 | ||
| 008 | 090401t1998 xxu||||| |||| 00| 0 eng d | ||
| 035 | _a(Sirsi) u88636 | ||
| 041 | _aeng | ||
| 100 | _aCodd, M. | ||
| 245 | _aTenant`s obligation to repair: over the hill and far away? | ||
| 260 | _c1998 | ||
| 350 | _a0 | ||
| 490 |
_aSolicitors` Journal _v142(34) 11 September 1998, 812-820(2) |
||
| 520 | _aConsiders the implications of "Rainbow Estates Ltd v Tokenhold Ltd" for landlords. It overturns the "Jeune v Queens Cross Properties Ltd" decision and gives landlords more authority to bring recalcitrant tenants to heal over a breach of obligation to repair. | ||
| 650 | _aBREACH OF COVENANT | ||
| 650 | _aJEUNE V QUEENS CROSS PROPERTIES LTD | ||
| 650 | _aLEASEHOLD PROPERTIES (REPAIRS) ACT 1938 | ||
| 650 | _aRAINBOW ESTATES LTD V TOKENHOLD LTD | ||
| 650 | _aREPAIRING COVENANT | ||
| 650 | _aREPAIRS | ||
| 690 | _aLANDLORD AND TENANT-CASE LAW-RESIDENTIAL TENANCIES | ||
| 942 | _n0 | ||
| 948 | _c24/09/1998 | ||
| 999 |
_c56035 _d56035 |
||